Environmental design (Record no. 105915)

MARC details
000 -LEADER
fixed length control field 00990cam a2200265 4500
001 - CONTROL NUMBER
control field ##L135092
008 - FIXED-LENGTH DATA ELEMENTS--GENERAL INFORMATION
fixed length control field 060925n2006 000 0 eng u
020 ## - INTERNATIONAL STANDARD BOOK NUMBER
International Standard Book Number 0415363349
035 ## - SYSTEM CONTROL NUMBER
System control number (Sirsi) u135092
041 0# - LANGUAGE CODE
Language code of text/sound track or separate title eng
050 04 - LIBRARY OF CONGRESS CALL NUMBER
Classification number 691 $2 18
245 00 - TITLE STATEMENT
Title Environmental design
Remainder of title an introduction for architects and engineers
250 ## - EDITION STATEMENT
Edition statement 3rd ed.
260 ## - PUBLICATION, DISTRIBUTION, ETC.
Place of publication, distribution, etc. Abingdon
Name of publisher, distributor, etc. Taylor and Francis
Date of publication, distribution, etc. 2006
300 ## - PHYSICAL DESCRIPTION
Extent xvi, 272p.
Other physical details ill.
Dimensions 25cm.
350 ## - PRICE (NR) (BK AM CF MU VM SE) [OBSOLETE]
Price 25
520 ## - SUMMARY, ETC.
Summary, etc. Offers guidance in the design of environmentally friendly buildings. Looks at aspects of the environment such as climate change, air quality and noise, and then goes on to discuss planning and design, materials, energy sources, lighting, water and waste disposal.
520 ## - SUMMARY, ETC.
Summary, etc. Supersedes second edition (ISBN 0419237607)
590 ## - LOCAL NOTE (RLIN)
Local note IKA171006
651 #4 - SUBJECT ADDED ENTRY--GEOGRAPHIC NAME
Geographic name United Kingdom
Chronological subdivision
690 ## - LOCAL SUBJECT ADDED ENTRY--TOPICAL TERM (OCLC, RLIN)
Topical term or geographic name as entry element BUILT ENVIRONMENT-SUSTAINABLE CONSTRUCTION
700 1# - ADDED ENTRY--PERSONAL NAME
Personal name Thomas, Randall
Relator term Editor
942 ## - ADDED ENTRY ELEMENTS (KOHA)
Suppress in OPAC 0
Holdings
Withdrawn status Lost status Source of classification or shelving scheme Damaged status Not for loan Home library Current library Shelving location Date acquired Cost, normal purchase price Total Checkouts Full call number Barcode Date last seen Date last checked out Copy number Cost, replacement price Price effective from Koha item type
    Dewey Decimal Classification     London London Books 05/10/2006 25.00 6 691 THO 30073330 06/08/2019 17/01/2008 1 25.00 06/08/2019 Book